Kriminalstatistikk: tilbakefall i 1962-1969 blant domfelte, botlagte og påtalefritatte for forbrytelser i 1962 = Criminal statistics ; recidivism 1962-1969 among persons found guilty of crimes in 1962
| Körperschaft: | |
|---|---|
| Medienart: | Druck Buch |
| Sprache: | Finnisch Englisch |
| Veröffentlicht: |
Oslo
Statistisk Sentralbyrå
1972
|
| In: |
Norges offisielle statistikk (A 471)
Jahr: 1972 |
| Bestand in Tübingen: | In Tübingen vorhanden. UB: KB 1 B 79-8 |
| Verfügbarkeit prüfen: | HBZ Gateway |
| Subito Bestelldienst: | Jetzt bestellen. |
MARC
| LEADER | 00000cam a22000002c 4500 | ||
|---|---|---|---|
| 001 | 109817965X | ||
| 003 | DE-627 | ||
| 005 | 20220514160717.0 | ||
| 007 | tu | ||
| 008 | 920430s1972 xx ||||| 00| ||fin c | ||
| 035 | |a (DE-627)109817965X | ||
| 035 | |a (DE-576)02817965X | ||
| 035 | |a (DE-599)BSZ02817965X | ||
| 035 | |a (OCoLC)311452153 | ||
| 040 | |a DE-627 |b ger |c DE-627 |e rakwb | ||
| 041 | |a fin |a eng | ||
| 245 | 0 | 0 | |a Kriminalstatistikk |b tilbakefall i 1962-1969 blant domfelte, botlagte og påtalefritatte for forbrytelser i 1962 = Criminal statistics ; recidivism 1962-1969 among persons found guilty of crimes in 1962 |c Statistisk Sentralbyrå |
| 246 | 3 | 1 | |a Criminal statistics ; recidivism 1962-1969 among persons found guilty of crimes in 1962 |
| 246 | 3 | 3 | |a Criminal statistics ; recidivism 1962-1969 among persons found guilty of crimes in 1962 |
| 264 | 1 | |a Oslo |b Statistisk Sentralbyrå |c 1972 | |
| 300 | |a 433 S. | ||
| 336 | |a Text |b txt |2 rdacontent | ||
| 337 | |a ohne Hilfsmittel zu benutzen |b n |2 rdamedia | ||
| 338 | |a Band |b nc |2 rdacarrier | ||
| 490 | 1 | |a Norges offisielle statistikk |v A 471 | |
| 583 | 1 | |a Archivierung prüfen |c 20200919 |f DE-640 |z 1 |2 pdager | |
| 710 | 2 | |a Norwegen |b Statistisk sentralbyrå |0 (DE-588)8990-4 |0 (DE-627)100266401 |0 (DE-576)190196831 |4 oth | |
| 810 | 2 | |a Norwegen |t Norges offisielle statistikk |v A 471 |9 471 |w (DE-627)1097872068 |w (DE-576)027872068 |7 am | |
| 951 | |a BO | ||
| ELC | |b 1 | ||
| LOK | |0 000 xxxxxcx a22 zn 4500 | ||
| LOK | |0 001 2184303224 | ||
| LOK | |0 003 DE-627 | ||
| LOK | |0 004 109817965X | ||
| LOK | |0 005 20020606000000 | ||
| LOK | |0 008 920430||||||||||||||||ger||||||| | ||
| LOK | |0 040 |a DE-21 |c DE-627 |d DE-21 | ||
| LOK | |0 852 |a DE-21 | ||
| LOK | |0 852 1 |c KB 1 B 79-8 |9 00 | ||
| LOK | |0 935 |a krim | ||
| LOK | |0 936ln |a k6.1.3 | ||
| LOK | |0 939 |a 30-04-92 |b l01 | ||
| ORI | |a SA-MARC-krimdoka001.raw | ||
| SIG | |a UB: KB 1 B 79-8 | ||
